Online
Catalog

Desastre de la guerra : (Record no. 33717)

MARC details
000 -CABECERA
campo de control de longitud fija 00932nam a2200205 a 4500
001 - NÚMERO DE CONTROL
campo de control 000034226
005 - FECHA Y HORA DE LA ÚLTIMA TRANSACCIÓN
campo de control 20200930070901.0
008 - DATOS DE LONGITUD FIJA--INFORMACIÓN GENERAL
campo de control de longitud fija 110928s1997 dr ac 000 0 spa d
040 ## - FUENTE DE LA CATALOGACIÓN
Centro catalogador/agencia de origen DO-SdBNP
Lengua de catalogación spa
Centro/agencia transcriptor BNPHU
049 ## - FONDOS LOCALES (OCLC)
Fondos de biblioteca BNPD
100 1# - ENTRADA PRINCIPAL--NOMBRE DE PERSONA
Nombre de persona Goya, Francisco,
Fechas asociadas al nombre 1746-1828.
9 (RLIN) 17605
245 10 - MENCIÓN DE TÍTULO
Título Desastre de la guerra :
Resto del título Goya ¡qué valor! /
Mención de responsabilidad, etc. Francisco Goya ; textos,comentarios y apéndices: Ricardo Centellas Salamero, Guillermo Fatás Cabeza ; textos añadido, José Ignacio Calvo Ruata ; colaborador Ana Tomé.
260 ## - PUBLICACIÓN, DISTRIBUCIÓN, ETC.
Lugar de publicación, distribución, etc. Santo Domingo :
Nombre del editor, distribuidor, etc. Centro Cultural Español de Santo Domingo,
Fecha de publicación, distribución, etc. 1997.
300 ## - DESCRIPCIÓN FÍSICA
Extensión 101 p. :
Otras características físicas il. ;
Dimensiones 30 cm.
500 ## - NOTA GENERAL
Nota general catálogo de la exposición Centro Cultural Español, Santo Domingo, 6 al 29 de noviembre de 1997
700 1# - PUNTO DE ACCESO ADICIONAL--NOMBRE DE PERSONA
Nombre de persona Tomé, Ana
Término indicativo de función/relación coor.
9 (RLIN) 59644
700 1# - PUNTO DE ACCESO ADICIONAL--NOMBRE DE PERSONA
Nombre de persona Fatás Cabeza, Guillermo
9 (RLIN) 59577
700 1# - PUNTO DE ACCESO ADICIONAL--NOMBRE DE PERSONA
Nombre de persona Centellas Salamero , Ricardo
9 (RLIN) 59645
700 1# - PUNTO DE ACCESO ADICIONAL--NOMBRE DE PERSONA
Nombre de persona Calvo Ruata, José Ignacio
9 (RLIN) 21260
Holdings
Estado de retiro Estado de pérdida No para préstamo Código de colección Localización permanente Ubicación/localización actual Ubicación en estantería Fecha de adquisición Número de inventario Total de préstamos Signatura topográfica completa Código de barras Fecha visto por última vez Precio válido a partir de Tipo de ítem Koha Número de copia
    Excluido de préstamo Patrimonio Dominicano Patrimonio Dominicano Patrimonio Dominicano En catalogación 28.09.2011 LF1   34226-10 25.06.2020 25.06.2020 Libro y Folleto Colección Patrimonio Dominicano  
    Excluido de préstamo Patrimonio Dominicano Patrimonio Dominicano Patrimonio Dominicano En catalogación 28.09.2011 LF1   34226-20 25.06.2020 25.06.2020 Libro y Folleto Colección Patrimonio Dominicano e. 2

Powered by Koha